|
|
|
|
| LEADER |
01762nam a2200313 a 4500 |
| 001 |
12364626 |
| 008 |
100214s2002 maua b 001 0 eng d |
| 010 |
|
|
|a 2001024530
|
| 020 |
|
|
|a 0072339675 (alk. paper)
|
| 020 |
|
|
|a 0071121226
|
| 040 |
|
|
|a DLC
|c DLC
|d DLC
|d BD-DhAA
|
| 082 |
0 |
0 |
|a 332.1/2/0685
|2 21
|
| 100 |
1 |
|
|a Rose, Peter S.
|
| 245 |
1 |
0 |
|a Commercial bank management /
|c Peter S. Rose.
|
| 250 |
|
|
|a 5th ed.
|
| 260 |
|
|
|a Boston :
|b McGraw-Hill/Irwin,
|c c2002.
|
| 300 |
|
|
|a xxvii, 803 p. :
|b col. ill. ;
|c 24 cm.
|
| 490 |
0 |
|
|a The McGraw-Hill/Irwin series in finance, insurance, and real estate
|
| 504 |
|
|
|a Includes bibliographical references and index.
|
| 541 |
1 |
|
|e 00008752
|
| 650 |
|
0 |
|a Bank management.
|
| 650 |
|
0 |
|a Financial services industry
|x Management.
|
| 852 |
4 |
|
|a Ayesha Abed Library
|j General shelf
|
| 999 |
|
|
|c 7499
|d 7499
|
| 952 |
|
|
|0 0
|1 0
|2 ddc
|4 1
|6 332_100000000000000_2_0685_ROS_2002
|7 0
|9 8073
|a BRACUL
|b BRACUL
|c SPS
|d 2010-02-14
|l 10
|m 75
|o 332.120685 ROS
|p 3010008752
|r 2017-12-07
|s 2017-09-12
|t 1
|w 2010-02-14
|y BK
|
| 952 |
|
|
|0 0
|1 0
|2 ddc
|4 1
|6 332_100000000000000_2_0685_ROS_2002
|7 0
|9 8074
|a BRACUL
|b BRACUL
|c SPS
|d 2010-02-14
|l 8
|m 62
|o 332.120685 ROS
|p 3010008751
|r 2015-05-12
|s 2015-01-13
|t 2
|w 2010-02-14
|y BK
|
| 952 |
|
|
|0 0
|1 0
|2 ddc
|4 1
|6 332_100000000000000_2_0685_ROS_2002
|7 0
|9 8075
|a BRACUL
|b BRACUL
|c SPS
|d 2010-02-14
|l 9
|m 79
|o 332.120685 ROS
|p 3010008753
|r 2016-04-09
|s 2016-02-01
|t 3
|w 2010-02-14
|y BK
|
| 952 |
|
|
|0 0
|1 0
|2 ddc
|4 1
|6 332_100000000000000_2_0685_ROS_2002
|7 0
|9 8076
|a BRACUL
|b BRACUL
|c SPS
|d 2010-02-14
|l 9
|m 40
|o 332.120685 ROS
|p 3010008750
|r 2016-12-12
|s 2016-12-12
|t 4
|w 2010-02-14
|y BK
|
| 952 |
|
|
|0 0
|1 0
|2 ddc
|4 1
|6 332_100000000000000_2_0685_ROS_2002
|7 0
|9 8077
|a BRACUL
|b BRACUL
|c SPS
|d 2010-02-14
|l 9
|m 30
|o 332.120685 ROS
|p 3010008749
|r 2015-04-20
|s 2015-01-13
|t 5
|w 2010-02-14
|y BK
|